Tous les films Disney par image - Statistiques

Statistiques générales
  • Ce quiz a été pris 287 fois
  • Le résultat moyen est 39 sur 63
Statistiques - réponses
Par images Réponse % Correct
Bambi
98%
Dumbo
98%
Pinocchio
97%
Blanche-Neige et les Sept Nains
89%
Cendrillon
88%
Peter Pan
87%
La Belle et le Clochard
86%
Les 101 Dalmatiens
85%
Le Livre de la jungle
84%
Le Roi lion
84%
Les Aristochats
84%
Aladdin
83%
La Petite Sirène
83%
Mulan
83%
La Belle et la Bête
82%
Tarzan
81%
Alice au pays des merveilles
80%
Fantasia
80%
Le Bossu de Notre-Dame
80%
La Princesse et la Grenouille
79%
La Reine des neiges
79%
Pocahontas : Une légende indienne
78%
La Belle au bois dormant
77%
Lilo et Stitch
77%
Zootopie
77%
Volt, star malgré lui
76%
Hercule
75%
Vaiana : La Légende du bout du monde
75%
La Reine des neiges 2
72%
Raiponce
72%
Encanto : La Fantastique Famille Madrigal
71%
Rox et Rouky
70%
Vaiana 2
70%
Merlin l'Enchanteur
67%
Kuzco, l'empereur mégalo
66%
Les Nouveaux Héros
63%
Robin des Bois
62%
Les Mondes de Ralph
57%
Raya et le Dernier Dragon
56%
Frère des ours
54%
Winnie l'Ourson
54%
Chicken Little
53%
Atlantide, l'empire perdu
50%
La ferme se rebelle
50%
Dinosaure
49%
Wish : Asha et la Bonne Étoile
49%
Ralph 2.0
45%
La Planète au trésor : Un nouvel univers
44%
Taram et le Chaudron magique
43%
Oliver et Compagnie
42%
Les Aventures de Bernard et Bianca
41%
Basil, détective privé
38%
Bienvenue chez les Robinson
36%
Bernard et Bianca au pays des kangourous
34%
Les Aventures de Winnie l'ourson
33%
Les Trois Caballeros
28%
Avalonia : L'Étrange Voyage
24%
Fantasia 2000
20%
Le Crapaud et le Maître d'école
18%
Saludos Amigos
18%
Coquin de printemps
16%
Mélodie Cocktail
16%
La Boîte à musique
14%
Aucun quiz correspondant
Distribution des résultats
% des personnes avec chaque résultat
Percentile par nombre de réponses
Votre historique - résultats
Vous n’avez pas pris ce quiz